A logó szerepe és evolúciója egy ipari vállalat életében - Arculatváltás a felhasználók szemével a Bosch Rexroth új logója kapcsán

Bibliográfiai részletek
Szerző: Pásztor Boglárka
További közreműködők: Harsányi Dr. Dávid
Ráti Henrietta
Dokumentumtípus: Diplomadolgozat
Kulcsszavak:Logó
Arculat
Image
Bosch Rexroth
Kampány
Online Access:http://dolgozattar.uni-bge.hu/18811

MARC

LEADER 00000nta a2200000 i 4500
001 dolg18811
005 20200331045335.0
008 181203suuuu hu om 000 hun d
040 |a BGE Dolgozattár Repozitórium  |b hun 
041 |a hu 
100 1 |a Pásztor Boglárka 
245 1 2 |a A logó szerepe és evolúciója egy ipari vállalat életében - Arculatváltás a felhasználók szemével a Bosch Rexroth új logója kapcsán  |c Pásztor Boglárka  |h [elektronikus dokumentum] 
695 |a Logó 
695 |a Arculat 
695 |a Image 
695 |a Bosch Rexroth 
695 |a Kampány 
700 1 |a Harsányi Dr. Dávid  |e ths 
700 1 |a Ráti Henrietta  |e ths 
856 4 0 |u http://dolgozattar.uni-bge.hu/18811/1/PASZTOR_Boglarka_ii94zq_Szakdolgozat_2018.pdf  |z Dokumentum-elérés 
856 4 0 |u http://dolgozattar.uni-bge.hu/18811/2/HivatalosBejegyzes.pdf  |z Dokumentum-elérés